Fyziologické vlastnosti textílií

Enregistré dans:
Détails bibliographiques
Auteur principal: Šalachová, Katarína (Auteur)
Format: Manuscrit Livre
Langue:slovaque
Publié: Bratislava : STU v Bratislave FCHPT, 2002
Édition:Obháj.: 5.6.2002
Tags: Ajouter un tag
Pas de tags, Soyez le premier à ajouter un tag!

MARC

LEADER 00000ntm a22000003a 4500
001 stu76840
005 20150617225645.3
008 020725s2002----xo------------------slo-d
040 |a STU  |b slo 
041 0 |a slo 
044 |a xo 
100 1 |a Šalachová, Katarína  |4 aut 
245 1 |a Fyziologické vlastnosti textílií 
250 |a Obháj.: 5.6.2002 
260 |a Bratislava :  |b STU v Bratislave FCHPT,  |c 2002 
300 |a 56 s. Obr.,tab.,grafy,lit 
500 |a Špec.: Chemická technológia vlákien a textilu 
996 |b 284C026966  |c C*D13734  |l CCI  |s A  |a 24  |w stu76840_0001